000 00199nam a2200073Ia 4500
008 170817s9999 xx 000 0 und d
100 _aTiwari.Saket.Raman
245 0 _aTeaching Methods Of Physical Education
260 _bA. P. H. PUB.
999 _c38754
_d38754